| 000 | 00000nam##2200000za#4500 |
| 001 | 9.588090 |
| 003 | CaOODSP |
| 005 | 20210624194943 |
| 007 | cr ||||||||||| |
| 008 | 150406|1999||||xxc|||||o f|0| 0 fre|d |
| 040 | |aCaOODSP|bfre |
| 041 | |aeng |
| 041 | |afre |
| 043 | |an-cn--- |
| 086 | 1 |aNH14-1/0392-PDF |
| 110 | 2 |aSociété canadienne d'hypothèques et de logement. |
| 245 | 10|aProjet d'autorisation instantanée pour les transformations résidentielles mineures / |h[ressource électronique]|cpar Julie Tasker-Brown ; André Fortin. |
| 260 | |aOttawa - Ontario : |bSociété canadienne d'hypothèques et de logement |
| 300 | |a24p.|bfigures |
| 490 | 1 |aAbordabilité et choix toujours (ACT), projet de réforme de la réglementation|vDécembre 1999 |
| 500 | |aTexte en français et en anglais disposé tête-bêche. |
| 590 | |a12-31-Supp|b2012-07-06 |
| 720 | 1 |aTasker-Brown, Julie |
| 720 | 1 |aFortin, André |
| 776 | 0#|tOne-stop approval for minor residential renovations / |w(CaOODSP)9.534750 |
| 791 | |tOne-stop approval for minor residential renovations / |eeng|w(CaOODSP)9.588089 |
| 830 | #0|aAbordabilité et choix toujours (ACT), projet de réforme de la réglementation ;|vDécembre 1999|w(CaOODSP)9.500614 |
| 856 | 40|ahttp://publications.gc.ca|qPDF|s971 Ko|uhttps://publications.gc.ca/collections/Collection/NH14-1-0392.pdf|yDécembre 1999 |